000 00301nam a2200121Ia 4500
008 190722s9999 xx 000 0 und d
020 _a978-81-203-3731-2
100 _aDebasis Samanta
245 0 _aClassic Data Structures
260 _aDelhi
_bPHI Learning Pvt. Ltd.
_c2014
300 _a808
942 _cBK
999 _c276
_d276